Mastermind (Lyrics)- Taylor Swift - Statistics

General Stats
  • This quiz has been taken 15 times
  • The average score is 299 of 337
Answer Stats
Answer % Correct
a
100%
all
100%
and
100%
And
100%
be
100%
by
100%
'Cause
100%
I
100%
if
100%
If
100%
I'm
100%
it
100%
It
100%
like
100%
mastermind?
100%
mastermind
100%
me
100%
No
100%
So
100%
that
100%
the
100%
The
100%
time
100%
To
100%
to
100%
told
100%
was
100%
What
100%
You
100%
you
100%
your
100%
accidental?
92%
accidental
92%
design
92%
do
92%
ever
92%
first
92%
in
92%
In
92%
is
92%
knew
92%
love
92%
make
92%
mine
92%
none
92%
now
92%
of
92%
Of
92%
on
92%
saw
92%
Saw
92%
this
92%
This
92%
we
92%
with
92%
At
85%
been
85%
care
85%
confess
85%
couldn't
85%
criminal
85%
did
85%
I've
85%
Just
85%
kid
85%
lit
85%
little
85%
lose
85%
need
85%
one
85%
play
85%
room
85%
same
85%
since
85%
them
85%
up
85%
wanted
85%
you're
85%
as
77%
body
77%
Checkmate
77%
clockwork
77%
effortless
77%
ended
77%
fail
77%
felt
77%
line
77%
night
77%
Once
77%
only
77%
plan
77%
see
77%
seem
77%
stars
77%
then
77%
upon
77%
were
77%
aligned
69%
assess
69%
cascaded
69%
chain
69%
cryptic
69%
dominoes
69%
equation
69%
every
69%
face
69%
gonna
69%
groundwork
69%
Had
69%
laid
69%
my
69%
planets
69%
reaction
69%
scheming
69%
smile
69%
swear
69%
way
69%
born
62%
cocktails
62%
countermoves
62%
entire
62%
fuse
62%
game
62%
liquor
62%
lover's
62%
Nothing
62%
pawn
62%
smirk
62%
stop
62%
Yeah
62%
free
54%
Machiavellian
54%
our
54%
sets
54%
Strategy
54%
wide
54%
wind
54%
wisest
54%
women
54%
flowing
46%
for
46%
hand
46%
sails
46%
tale
46%
touch
46%
scene
38%
fates
31%
No matching quizzes found
Score Distribution
Percent of People with Each Score
Percentile by Number Answered
Your Score History
You have not taken this quiz